| 000 | 00547cas a22001935a 4500 | ||
|---|---|---|---|
| 001 | L138749 | ||
| 008 | 070709d19992001xxktr p 0 a0eng u | ||
| 035 | _a(Sirsi) u138749 | ||
| 041 | 0 | _aeng | |
| 110 | 2 |
_aRoyal Institution of Chartered Surveyors _bCity of London Branch _95187 |
|
| 245 | 0 | 0 | _aCity Link |
| 260 |
_aLondon _bRICS _c1999-2001 |
||
| 362 | 0 | _a(2) June 1999-(4) January 2000 | |
| 554 | _aThree per year | ||
| 651 | 4 | _aLondon | |
| 690 | _aMANAGEMENT-BUSINESS MANAGEMENT-PROFESSIONAL PRACTICE | ||
| 780 | 0 | 0 | _tCitiview |
| 942 | _n0 | ||
| 999 |
_c119020 _d119020 |
||